000 00305nam a2200133Ia 4500
100 _aTagare/S/ Sapatnekar/R.V
942 _cBK
654 _aEngg.Mathematics
245 _aText Book of Engineering Mathematics
260 _bNirali prakashan
_aPune
082 _a510
300 _a194
546 _aENGLISH
999 _c33345
_d33345